Science Quiz

Random Science Quiz

Algebraic morsels Quiz Stats

 Plays Quiz not verified by Sporcle

Challenge
Share
Tweet
Embed
Score 0/13 Timer 15:00
0 Plays Today
% Correct
10
76.1%
12
63%
2
60.9%
51/5
54.3%
-23
52.2%
625
50%
15
45.7%
41
39.1%
36
39.1%
4
37%
commutative
34.8%
37
28.3%
negative
26.1%

You're not logged in!

Compare scores with friends on all Sporcle quizzes.
OR
Log In

You Might Also Like...

Show Comments

Extras

Created Apr 30, 2011ReportNominate
Tags:algebra, problem

Top Quizzes Today


Score Distribution

Your Account Isn't Verified!

In order to create a playlist on Sporcle, you need to verify the email address you used during registration. Go to your Sporcle Settings to finish the process.

Report this User

Report this user for behavior that violates our Community Guidelines.

Details: